000 00498cam a2200193ua 4500
001 10419
008 190201n ii |||gr||||Z||||||eng
040 _cMAIN
041 _aeng
082 _a030
245 _aGeneral studies
_bACS/ APS/ main examination 2018-19
250 _a9th ed.
260 _aGuwahati:
_bNew Assam Academic Centre,
_c2017.
300 _a552p.
653 _aGeneral encyclopedic works
653 _aGeneral knowledge
700 _aDibyajyoti Sarmah,
_eEditor.
942 _cBK
999 _c9407
_d9407